000 00800nam a2200229 i 4500
001 75712
003 ES-MaACL
005 20250818131139.0
008 040927s1970 sp af 00110 spa d
080 _a341.456
245 0 4 _aLos grandes enigmas de la Interpol.
250 _aEd. reservada a los Amigos de la Historia.
260 _a[Madrid] :
_bCírculo de Amigos de la Historia,
_c[1970]
300 _a2 v. :
_b11 lám., il. ;
_c18 cm.
504 _aBibliografía: v.2, p. [249-250]
505 0 _a1. Los grandes enigmas de la Interpol - 2. Interpol, expediente: drogas, falsificadores, atracos
599 _aLám.: fot. y retr.
610 2 4 _aOrganización Internacional de Policía Criminal.
_9155914
700 2 _a
_9241863
852 _aES-MaACL
_jC-40651-52
999 _c75712
_d75712